| 000 | 00549nam a2200181Ia 4500 | ||
|---|---|---|---|
| 008 | 170510s9999 xx 000 0 und d | ||
| 100 | _aHalevy, Nir | ||
| 245 | _aPreemptive strikes: Fear, hope, and defensive aggression. | ||
| 245 | _cHalevy, Nir | ||
| 260 | _bAmerican Psychological Association | ||
| 260 | _c2017 | ||
| 300 | _apages 224-237,February | ||
| 440 |
_aJournal of Personality and Social Psychology _v112:2 |
||
| 650 | _a Uncertainty appraisals | ||
| 650 | _aEmotions | ||
| 650 | _aInteractive decision making | ||
| 650 | _aRisk | ||
| 999 |
_c329875 _d329875 |
||